Statistieken voor Vlag-vormen van Landen #2

Klik hier om de quiz te nemen!

Algemene statistieken

  • Deze quiz is 596 keer genomen
  • De gemiddelde score is 14 van 16

Antwoordstatistieken

Antwoord% Correct
Australië
99%
Verenigde Staten
99%
Argentinië
98%
Noorwegen
98%
Oekraïne
98%
Zuid-Afrika
98%
Tsjechië
96%
Pakistan
94%
Senegal
92%
Libanon
91%
Montenegro
89%
Democratische Republiek Congo
88%
Nepal
85%
Barbados
81%
Gabon
78%
Samoa
64%

Scoreverdeling

Percentiel versus Aantal Correcte Antwoorden

Procent van Mensen met Elke Score

Uw Scoregeschiedenis

U heeft deze quiz nog niet genomen